书目信息 |
| 题名: |
谈科与论普
|
|
| 作者: | 王大鹏 著 | |
| 分册: | ||
| 出版信息: | 郑州 河南科学技术出版社 2024.05 |
|
| 页数: | 242页 | |
| 开本: | 24cm | |
| 丛书名: | 科普中原书系 | |
| 单 册: | ||
| 中图分类: | G316-62 | |
| 科图分类: | ||
| 主题词: | 科普工作--中国--手册 | |
| 电子资源: | ||
| ISBN: | 978-7-5725-1449-4 | |
| 000 | 00999nam0 2200277 450 | |
| 001 | 0041238922 | |
| 005 | 20251022191331.14 | |
| 010 | @a978-7-5725-1449-4@dCNY68.00 | |
| 100 | @a20240717d2024 em y0chiy0110 ea | |
| 101 | 0 | @achi |
| 102 | @aCN@b410000 | |
| 105 | @ay z 000yy | |
| 106 | @ar | |
| 200 | 1 | @a谈科与论普@9tan ke yu lun pu@b专著@e科普人“出圈”手册@dThe scieintist's handbook for communication@f王大鹏著@zeng |
| 210 | @a郑州@c河南科学技术出版社@d2024.05 | |
| 215 | @a242页@d24cm | |
| 225 | 1 | @a科普中原书系 |
| 300 | @a河南省科学技术协会科普出版资助 | |
| 330 | @a本书集萃展现了新时代大科普发展的概貌,同时将个人科普推广的经验娓娓道来,传播更实用的科普普及的工作技巧和经验。 | |
| 510 | 1 | @aScieintist's handbook for communication@zeng |
| 517 | 1 | @a科普人“出圈”手册@9ke pu ren“chu quan”shou ce |
| 606 | 0 | @a科普工作@y中国@j手册 |
| 690 | @aG316-62@v5 | |
| 701 | 0 | @a王大鹏@9wang da peng@4著 |
| 801 | 0 | @aCN@c20250905 |
| 905 | @a河南城建学院图书馆@dG316@eW144@ZW144@f1 | |
| 谈科与论普:科普人“出圈”手册=The scieintist's handbook for communication/王大鹏著.-郑州:河南科学技术出版社,2024.05 |
| 242页;24cm.-(科普中原书系) |
| 河南省科学技术协会科普出版资助 |
| ISBN 978-7-5725-1449-4:CNY68.00 |
| 本书集萃展现了新时代大科普发展的概貌,同时将个人科普推广的经验娓娓道来,传播更实用的科普普及的工作技巧和经验。 |
| ● |
| 相关链接 |
|
|
|
正题名:谈科与论普
索取号:G316/W144
 
预约/预借
| 序号 | 登录号 | 条形码 | 馆藏地/架位号 | 状态 | 备注 |
| 1 | 1631138 | 216311382 | 社科库409/409社科库 120排2列3层/ [索取号:G316/W144] | 在馆 |